O arroz, esse grão tão pequenino que alimenta o mundo (Registo nº 4382)

Detalhes MARC
000 -Etiqueta do registo
Cabeçalho 00608nam a2200217 4500
005 - Identificador da versão
Campo de controlo 20240813122059.0
010 ## - Número internacional normalizado dos livros (ISBN)
Número (ISBN) 9722600516
100 ## - Dados gerais de processamento
Dados gerais de processamento 19970801d1984 a y0pory5003 ba
102 ## - Pais de publicação ou produção
País de publicação Portugal
101 1# - Língua de publicação
Língua do texto, banda sonora, etc. Português
Língua do documento no original Inglês
215 ## - Descrição física 
Indicação específica da natureza do documento e extensão da espécie 33p
Outras indicações físicas il
Dimensões 18cm
200 1# - Titulo e menção de responsabilidade
Título próprio O arroz, esse grão tão pequenino que alimenta o mundo
Primeira menção de responsabilidade escrito por Raphaelle Brice
Outras menções de responsabilidade tradução de Joaquim Leite
225 1# - Colecção 
Título próprio da colecção Descobrir
Indicação de volume 12
210 ## - Publicação, Distribuição, etc. 
Lugar da edição, distribuição, etc. Porto
Nome do editor, distribuidor, etc. Civilização
Data da publicação, distribuição, etc. 1984
675 ## - Classificação Decimal Universal (CDU)
Notação 633.72/74
Edição 2
Língua da edição por
700 #1 - Nome de autor-pessoa física (responsabilidade principal)
Número de registo de entrada de autoridade 0001180
Palavra de ordem Brice
Outra parte do nome não tomada para palavra de ordem Raphaelle
942 ## - Elementos de entrada adicionados (Koha)
Tipo de item no Koha Livro
Exemplares
Situação do levantamento Origin of item (home branch) (coded) Biblioteca de empréstimo Código de barras Cota Circulation type (not for loan) Tipo de documento Nota do exemplar Damaged status
  Biblioteca Escolar das Vendas Biblioteca Escolar das Vendas BEV1376 6 BRI   Livro Sem mensagem